00676nam a2200241 a 4500001001300000003000900013005001700022008004100039020002300080082001500103100001900118245003200137260003200169300000900201500003500210505001000245650001200255700001900267902000800286942000700294952011600301999001700417nice12345678IN_TiNIC20260116013638.0050524s1995 dela grp 000 0 eng  a0670591 c29500a954.6bTAV aTavleen, Singh aKashmirb Tragedy of Errors aDelhibPenguin Books c1995 a253p aincludes index and biblioraphy2 aIndex aKashmir1 aTavleen, Singh bSRS cBK 001040708StackRoom-aHMIbHMId2008-04-15g295.00l0o954.6 TAVp016354r2008-04-15v295.00w2005-05-24yBK c11785d11785